Cryptogram: Vegetables! Quiz Stats

 Plays Quiz Updated Mar 8, 2012

Also try: Cryptogram: Beer!
Challenge
Share
Tweet
Score 0/16 Timer 06:00
0 Plays Today
Cryptogram Vegetable % Correct
FTUUPICARROT
85.3%
CWWIBEET
83.5%
CWTYBEAN
76.8%
OWWSLEEK
75.4%
PSUTOKRA
72.2%
CUPFFPOMBROCCOLI
72.1%
STOWKALE
71.7%
PYMPYONION
70.7%
Cryptogram Vegetable % Correct
FTCCTZWCABBAGE
69.2%
OWIIBFWLETTUCE
69%
IBUYMETURNIP
59.3%
UBITCTZTRUTABAGA
51.8%
TXETUTZBXASPARAGUS
49%
ETUXYMEPARSNIP
46.5%
SPROUTCMKOHLRABI
33.7%
XDBTXRSQUASH
32.6%

You're not logged in!

Compare scores with friends on all Sporcle quizzes.
Join for Free
OR
Log In

You Might Also Like...

Show Comments

Extras

Top Quizzes Today


Score Distribution

Your Account Isn't Verified!

In order to create a playlist on Sporcle, you need to verify the email address you used during registration. Go to your Sporcle Settings to finish the process.

Report this User

Report this user for behavior that violates our Community Guidelines.

Details: